Llibre del cens de la premsa local i comarcal : 1986 / elaboració: Gabinet de Premsa amb l'assessorament de Jaume Guillamet 1986 / elaboració:
ISBN:
84-7794-001-0
Descripción Física:
519 p. : il. ; 22 cm
Otros Autores:
Guillamet, Jaume
Materias:
Premsa -- Catalunya -- Bibliografia
MARC
| LEADER | 00000nam a2200000Ia 4500 | ||
|---|---|---|---|
| 001 | 7830 | ||
| 008 | 160829s9999 xx 000 0 cat d | ||
| 020 | |a 84-7794-001-0 | ||
| 080 | |a O-1-55 | ||
| 245 | |a Llibre del cens de la premsa local i comarcal : |b 1986 / elaboració: |b Gabinet de Premsa amb l'assessorament de Jaume Guillamet | ||
| 260 | |a Barcelona : |b Diputació, DL 1988 | ||
| 300 | |a 519 p. : |b il. ; |c 22 cm | ||
| 590 | |a Conté les portades dels diaris | ||
| 650 | |a Premsa |x Catalunya |x Bibliografia |9 22121 | ||
| 700 | |a Guillamet, Jaume |9 35625 | ||
| 710 | 1 | |a Barcelona (Catalunya : Província). |b Gabinet de Premsa i Comunicació |9 51838 | |
| 901 | |a Arxiu | ||
| 942 | |n 1 | ||
| 952 | |0 0 |1 0 |4 0 |6 O155 |7 1 |9 44190 |a Arxiu |b Arxiu |d 2016-12-01 |l 0 |o O-1-55 |p 7830 |r 2016-12-01 00:00:00 |w 2016-12-01 |y ARXIU | ||
| 999 | |c 46770 |d 46770 | ||